00758cam a2200181 4500008004100000020001500041035001200056050002200068245014700090260005100237300002100288500002000309650004600329650003800375942001300413999001900426952013100445030219s1985 sp 000 0 spa u a8430311696 aa428532 aPC4271 bV47 1985 aVerbos inter 2000 :bdiccionario de verbos y su conjugación gramática. 8.000 verbos, 80 modelos de conjugación, ortografía práctica. aBarcelona, España :bRamón Sopena, c1985. a616 p. ;c20 cm. aRec. Prop. Esc.1 aLengua Española - Verbos - Diccionarios2 aEspañol - Verbos - Diccionarios 2lcccLIB c125693d125693 102lcc4070aLIC-020bLIC-020cGENERALd2017-02-07f1a. ed.kEHoPC4271 V47 1985pBFF000022992r2017-02-07 00:00:00tC:1yLIB